000 00903nam a22003137a 4500
001 BR9606060
003 BR-BrBNA
005 20230928095249.0
007 ta
008 230509b bl.||||| |||| 00| 0 por d
040 _aBR-BrBNA
_bpor
_cBiblioteca Nacional de Agricultura
041 _a(Por)
072 _aF30; F03
_b0120
_b0170
090 _ 0120 BR9606060
110 1 _aInstituto Agronomico do Parana, Londrina (Brasil)
_95630
111 1 _a21. Congresso Nacional de Milho e Sorgo
_cLondrina, PR (Brazil)
_d7-12 Jul 1996
245 1 _a21. Congresso Nacional de Milho e Sorgo. Resumos
260 3 _aLondrina, PR (Brasil):
_c1996.
300 _a346 p.
500 _aSummary Only
650 _aMilho
650 _aSorgo
650 _aMelhoramento Genetico Vegetal
650 _aSolo
650 _aSemente
650 _aHerbicida
909 _a202309
_bLucia
_c55
_dLucia Elande
942 _cBK
999 _c55513
_d55513